| 000 | 00800cam a2200229 4500 | ||
|---|---|---|---|
| 001 | ABS61498 | ||
| 008 | 000000n1999 000 0 eng u | ||
| 035 | _a(Sirsi) u102314 | ||
| 100 | _aBennett, D. | ||
| 245 | _aLime - more than just green? | ||
| 260 | _c1999 | ||
| 490 |
_aContract Journal _v401(6252) 17 November 1999, 20-21(2) |
||
| 520 | _aLooks at the potential for lime mortars to replace cement mortars in new build. Suggests that although lime mortar is more expensive per cubic metre than cement, it does have advantage which make it a viable alternative. | ||
| 590 | _aABS | ||
| 650 | _aHYDRAULIC LIME | ||
| 650 | _aLIME MORTARS | ||
| 650 | _aCEMENT | ||
| 650 | _aHOUSE CONSTRUCTION | ||
| 650 | _aNEW BUILD | ||
| 690 | _aBUILT ENVIRONMENT-BUILDING MATERIALS | ||
| 942 | _n0 | ||
| 999 |
_c61339 _d61339 |
||